| 000 | 01202nam a2200241Ia 4500 | ||
|---|---|---|---|
| 999 |
_c37873 _d37873 |
||
| 001 | 3851 | ||
| 003 | GE_BSU | ||
| 005 | 20190813173047.0 | ||
| 008 | 181216s1979||||ge |||||||||||||| ||geo|| | ||
| 040 | _cGE_BSU | ||
| 041 | _ageo | ||
| 080 | _a171 ბ–23 | ||
| 100 |
_aბანძელაძე, გ. _93556 |
||
| 245 |
_aმეცნიერულ–ტექნიკური რევოლუცია და ზნეობრივი პროგრესის პრობლემა / _cრედ ვ. გოგიბერაშვილი; საქ. სსრ მეცნ. აკად. ფილოსოფიის ინ-ტი. |
||
| 264 |
_aთბ. : _bმეცნიერება, _c1979. |
||
| 300 |
_a226 გვ. ; _b22 სმ. |
||
| 520 | _a რეზ. რუს. ენ. | ||
| 653 | _aმეცნიერულ–ტექნიკური რევოლუცია | ||
| 653 | _aზნეობრივი პროგრესი | ||
| 700 |
_aგოგიბერაშვილი, ვ. _eრედაქტორი _93564 |
||
| 710 |
_aსაქ მეცნ. აკად. ფილოსოფიის ინ–ტი. _93565 |
||
| 942 |
_cBK _2udc |
||